TPG - arrêts de bus, ligne 40 à 48 - Statistiques

Statistiques générales
  • Ce quiz a été pris 9 fois
  • Le résultat moyen est 111 sur 177
Statistiques - réponses
Hint Réponse % Correct
a | b Stade de genève
100%
b Avusy village
75%
a Badosse
75%
b Bandol
75%
a Bardonnex village
75%
a Battelle
75%
a Baumgartner
75%
b Belle cour
75%
a | b Bernex place
75%
a | b Bernex P+R
75%
a Carouge rondeau
75%
a Carouge tours
75%
b Cartigny village
75%
a Champ carré
75%
b Chancy douane
75%
a Charrot
75%
a Chemin vert
75%
a Communes réunies
75%
a Compesières
75%
a | b Confignon croisée
75%
a Croix de rozon douane
75%
a Croix de rozon place
75%
b Croix en champagne
75%
a Drize
75%
b Eaumorte croisée
75%
b Eaumorte hameau
75%
a Evordes
75%
a Feuillat
75%
a Grand donzel
75%
a Grange collomb
75%
b La dode
75%
a | b Lancy bachet gare
75%
b Lancy Pont rouge gare
75%
b Lancy Pont rouge gare/étoile
75%
b La passe
75%
a Les crêts
75%
b Les esserts
75%
b Loëx hôpital
75%
b Luchepelet
75%
b Lully village
75%
a Marsillon
75%
b Moulin de vert
75%
a Moulins de drize
75%
a Nant malet
75%
b Onex salle communale
75%
b Perly village
75%
b Petite grave
75%
b Petit lancy place
75%
a Petit veyrier
75%
a Place favre
75%
a Pont de drize
75%
a Pré jardinier
75%
a Rivolette
75%
a Roday
75%
a Route d'annecy
75%
a Saconnex d'arve
75%
a Saussac
75%
a Troinex mairie
75%
a Troinex ville
75%
b Vailly
75%
a Verbant
75%
a Veyrier tournettes
75%
a Vuattes
75%
a | b Vuillonnex
75%
b Aigues vertes
50%
b Avully école
50%
b Avully village
50%
b Bachères
50%
b Bellins
50%
a Bernex église
50%
b Blanchards
50%
a Boqueteaux
50%
b Burgy
50%
b Certoux village
50%
b Champ des filles
50%
b Chancy usine
50%
b Chancy village
50%
a Chemin des bois
50%
a Chêne bourg gare place
50%
a Chêne bourg gare tour
50%
b Chèvres
50%
a Collège claparède
50%
a Combettes
50%
b Confignon mairie
50%
a Cottenets
50%
b Creux du loup
50%
b En louche
50%
a Filion
50%
a Fossard
50%
b Foulon
50%
b Genévrière
50%
b Gennecy
50%
a Guillon
50%
b La chapelle
50%
a La mouille
50%
b Lancy mairie
50%
a La salésienne
50%
b Le rolliet
50%
b Les bouveries
50%
b Les oulaines
50%
a Les quibières
50%
b Les quoattes
50%
b Loëx lanance
50%
a | b Lully croisée
50%
b Maison du terroir
50%
b Martinet
50%
a Milière
50%
b Montesquiou
50%
b Moulins de la grave
50%
a Muguets
50%
a Parc stagni
50%
b Passeiry
50%
b Perly mairie
50%
a Pinchat la tour
50%
b Place du 1er août
50%
a Place verte
50%
a Plateau de pinchat
50%
b Pont de lully
50%
a Pont de sierne
50%
b Pougny gare
50%
b Pré fleuri
50%
a Pré polly
50%
b Préventorium
50%
b Raclerets
50%
a Saule
50%
a Sézenove village
50%
a Sierne
50%
a Sous moulin
50%
a Sous villette
50%
a Vallon
50%
a Vessy grands esserts
50%
a Vessy plateau
50%
a Vessy stand de tir
50%
a Veyrier école
50%
a Vüy
50%
b ZIPLO
50%
b Au contour
25%
b Bains de cressy
25%
a Bernex mairie
25%
b Croix de chavant
25%
b Galaise
25%
b La traille
25%
b Manufactures
25%
b Rochette
25%
b Serves
25%
b Vallet
25%
Aucun quiz correspondant
Distribution des résultats
% des personnes avec chaque résultat
Percentile par nombre de réponses
Votre historique - résultats
Vous n’avez pas pris ce quiz